| 000 | 01258nam0a22002531 4500 | ||
|---|---|---|---|
| 001 | rc\490379 | ||
| 005 | 20030616171431.8 | ||
| 035 | _a(NLR Aleph) 005732372 | ||
| 090 |
_a7592542 _c7592542 |
||
| 100 | _a20030616d1987 u |0rusy50 ca | ||
| 101 | 0 | _arus | |
| 102 | _aRU | ||
| 105 | _aa ||||||||| | ||
| 200 | 1 |
_aМетодические рекомендации по выбору рациональных сечений выемочных выработок для комплексно-механизированных очистных забоев _fВсесоюз. пром. об-ние "Кузбассуголь", Всесоюз. н.-и. и проект.-конструкт. угольный ин-т _g[Сост. Арсенов Н.С. и др.] |
|
| 210 |
_aПрокопьевск _cКузНИУИ _d1987 |
||
| 215 |
_a37 с. _cил. _d20 |
||
| 320 | _aБиблиогр.: с. 32 (11 назв.) | ||
| 702 | 1 |
_aАрсенов _bН. С. _gНиколай Сергеевич _4220 |
|
| 712 | 0 | 2 |
_aВсесоюзный н.-и. и проектно-конструкторский угольный ин-т _cПрокопьевск _3RU\NLR\AUTH\889927116 |
| 801 | 0 |
_aRU _bNLR _gpsbo |
|
| 801 | 1 |
_aRU _bELAR _2rusmarc |
|
| 852 |
_aNLR _j88-4/2149 |
||
| 942 | _cBOOK | ||
| 980 | _aNB | ||